| 000 | 00484nam a2200205Ia 4500 | ||
|---|---|---|---|
| 003 | OSt | ||
| 005 | 20140311163113.0 | ||
| 008 | 140130s9999 xx 000 0 und d | ||
| 020 | _a0439529514 | ||
| 050 |
_aPZ 7 _b.H11133Sh 2003 |
||
| 100 |
_aHaas, Jessie _931164 |
||
| 245 |
_aShaper / _cJessie Haas. |
||
| 260 |
_bScholastic, _c2003. _aNew York : |
||
| 300 |
_a188 p. : _c18 cm. |
||
| 440 |
_v1 _931165 |
||
| 521 | _aG3 | ||
| 526 | _c560 | ||
| 942 |
_cBK _2lcc |
||
| 999 |
_c40657 _d40657 |
||